000 00761nas a2200253 454500
001 IICA0600418
003 BR-BrBNA
005 20260323111522.0
007 ta
008 260323b bl.|||p| |||| 00| 00por d
040 _aBR-BrBNA
_bpor
_cBiblioteca Nacional de Agricultura
041 _a(Es)
072 _aH10
100 1 _aViale, E.
245 1 _aBioanalisis de residuos de insecticidas con moscas Drosophila de alas vestigiales
300 _av. 4 (2) p. 61-65
650 _aINSETICIDA
650 _aEFEITO RESIDUAL
650 _aDROSOPHILA MELANGASTER
650 _aDROSOPHILA OBSCURA
773 0 _tTURRIALBA (IICA)
_X0041-4360
_g(Apr-Jun 1954), v. 4 (2) p. 61-65
_wIICA0600418
909 _a202603
_bLúcia
_c55
_dLúcia Elande
942 _2IICA
_n0
_cANA
999 _c340669
_d340669